| 000 | 00984cad a22002295a 4500 | ||
|---|---|---|---|
| 001 | E148749 | ||
| 008 | 091104s2009 xxub f s 000 0 eng d | ||
| 035 | _a(Sirsi) u148749 | ||
| 041 | 0 | _aeng | |
| 050 | 0 | 4 | _a333.33 $2 18 |
| 110 | 2 |
_aPramerica Real Estate Investors _95594 |
|
| 245 | 0 | 0 |
_aAsian quarterly market perspective _bOctober 2009 _h[electronic resource] |
| 260 |
_aParsipanny, NJ _bPramerica Real Estate Investors _c2009 |
||
| 490 | 0 |
_aPREI Asian Quarterly Market Perspective _vOctober 2009 |
|
| 520 | _aReports that the economy in Asia is stabilising, and property market related sentiment is becoming more positive. The housing markets in China, Korea, Singapore and Hong Kong performed especially well during Q3 2009. | ||
| 521 | _aAdvanced | ||
| 590 | _aKA | ||
| 651 | 4 | _aAsia | |
| 690 | _aPROPERTY-COMMERCIAL PROPERTY-COMMERCIAL PROPERTY MARKET | ||
| 856 | 4 | 0 |
_uhttps://www.pramericarei.com/ _zView the item free of charge at www.pramericarei.com... |
| 942 | _n0 | ||
| 999 |
_c110206 _d110206 |
||